Vnútropodniková komunikácia

Transparentnosť komunikačnej štruktúry. Komunikačné kanály a komunikačný systém podniku. Horizontálna, vertikálna a diagonálna úroveň vnútropodnikovej komunikácie. Praktický príklad.

Salvato in:
Dettagli Bibliografici
Autore principale: Elefant, Radovan
Natura: Capitolo di libro
Lingua:slovacco
Soggetti:
Tags: Aggiungi Tag
Nessun Tag, puoi essere il primo ad aggiungerne!!

MARC

LEADER 00000nla$a2200000$$$4500
001 0059335
005 20220722094717.6
041 0 |a slo 
044 |a SK 
245 1 0 |a Vnútropodniková komunikácia  |c Radovan Elefant 
520 |a Transparentnosť komunikačnej štruktúry. Komunikačné kanály a komunikačný systém podniku. Horizontálna, vertikálna a diagonálna úroveň vnútropodnikovej komunikácie. Praktický príklad. 
610 2 0 |a komunikácia interná 
610 2 0 |a komunikácia firemná 
610 2 0 |a komunikácia manažérska 
610 2 0 |a informácie vnútropodnikové 
610 2 0 |a manažment personálny 
100 1 |a Elefant, Radovan